<?xml version="1.0" encoding="UTF-8"?>
<record
    xmlns:xsi="http://www.w3.org/2001/XMLSchema-instance"
    xsi:schemaLocation="http://www.loc.gov/MARC21/slim http://www.loc.gov/standards/marcxml/schema/MARC21slim.xsd"
    xmlns="http://www.loc.gov/MARC21/slim">

  <leader>01382cam a2200253 i 4500</leader>
  <datafield tag="999" ind1=" " ind2=" ">
    <subfield code="c">57935</subfield>
    <subfield code="d">57935</subfield>
  </datafield>
  <controlfield tag="001">19869551</controlfield>
  <controlfield tag="005">20221108144454.0</controlfield>
  <controlfield tag="008">170808s2018    nyua     b    001 0 eng  </controlfield>
  <datafield tag="020" ind1=" " ind2=" ">
    <subfield code="a">9780891287650x </subfield>
  </datafield>
  <datafield tag="041" ind1=" " ind2=" ">
    <subfield code="a">eng</subfield>
  </datafield>
  <datafield tag="080" ind1=" " ind2=" ">
    <subfield code="a">376.2 P-25</subfield>
  </datafield>
  <datafield tag="245" ind1="0" ind2="0">
    <subfield code="a">Partners in O&amp;M :</subfield>
    <subfield code="b">supporting orientation and mobility for students who are visually impaired /</subfield>
    <subfield code="c">Rona L. Pogrund and Nora Griffin-Shirley, editors.</subfield>
  </datafield>
  <datafield tag="250" ind1=" " ind2=" ">
    <subfield code="a">First Edition.</subfield>
  </datafield>
  <datafield tag="264" ind1=" " ind2="1">
    <subfield code="a">New York, NY :</subfield>
    <subfield code="b">AFB Press, American Foundation for the Blind,</subfield>
    <subfield code="c">2018.</subfield>
  </datafield>
  <datafield tag="300" ind1=" " ind2=" ">
    <subfield code="a">325 pages :</subfield>
    <subfield code="b">illustrations ;</subfield>
    <subfield code="c">26 cm.</subfield>
  </datafield>
  <datafield tag="650" ind1=" " ind2="0">
    <subfield code="a">Children with visual disabilities</subfield>
    <subfield code="x">Education.</subfield>
    <subfield code="9">11025</subfield>
  </datafield>
  <datafield tag="650" ind1=" " ind2="0">
    <subfield code="a">Children with visual disabilities</subfield>
    <subfield code="x">Orientation and mobility.</subfield>
    <subfield code="9">11026</subfield>
  </datafield>
  <datafield tag="653" ind1=" " ind2=" ">
    <subfield code="a">&#x10DD;&#x10E0;&#x10D8;&#x10D4;&#x10DC;&#x10E2;&#x10D0;&#x10EA;&#x10D8;&#x10D8;&#x10E1;&#x10D0; &#x10D3;&#x10D0; &#x10DB;&#x10DD;&#x10D1;&#x10D8;&#x10DA;&#x10DD;&#x10D1;&#x10D8;&#x10E1; &#x10DB;&#x10EE;&#x10D0;&#x10E0;&#x10D3;&#x10D0;&#x10ED;&#x10D4;&#x10E0;&#x10D0; &#x10DB;&#x10EE;&#x10D4;&#x10D3;&#x10D5;&#x10D4;&#x10DA;&#x10DD;&#x10D1;&#x10D8;&#x10E1; &#x10E8;&#x10D4;&#x10D6;&#x10E6;&#x10E3;&#x10D3;&#x10E3;&#x10DA;&#x10D8; &#x10E8;&#x10D4;&#x10E1;&#x10D0;&#x10EB;&#x10DA;&#x10D4;&#x10D1;&#x10DA;&#x10DD;&#x10D1;&#x10D8;&#x10E1; &#x10DB;&#x10E5;&#x10DD;&#x10DC;&#x10D4; &#x10E1;&#x10E2;&#x10E3;&#x10D3;&#x10D4;&#x10DC;&#x10E2;&#x10D4;&#x10D1;&#x10D8;&#x10E1;&#x10D7;&#x10D5;&#x10D8;&#x10E1;</subfield>
  </datafield>
  <datafield tag="653" ind1=" " ind2=" ">
    <subfield code="a">&#x10DB;&#x10EE;&#x10D4;&#x10D3;&#x10D5;&#x10D4;&#x10DA;&#x10DD;&#x10D1;&#x10D8;&#x10E1; &#x10E8;&#x10D4;&#x10D6;&#x10E6;&#x10E3;&#x10D3;&#x10E3;&#x10DA;&#x10D8; &#x10E8;&#x10D4;&#x10E1;&#x10D0;&#x10EB;&#x10DA;&#x10D4;&#x10D1;&#x10DA;&#x10DD;&#x10D1;&#x10D8;&#x10E1; &#x10DB;&#x10E5;&#x10DD;&#x10DC;&#x10D4; &#x10D1;&#x10D0;&#x10D5;&#x10E8;&#x10D5;&#x10D4;&#x10D1;&#x10D8;</subfield>
  </datafield>
  <datafield tag="653" ind1=" " ind2=" ">
    <subfield code="a">&#x10DE;&#x10D4;&#x10D3;&#x10D0;&#x10D2;&#x10DD;&#x10D2;&#x10D8;&#x10D9;&#x10D0;</subfield>
  </datafield>
  <datafield tag="700" ind1="1" ind2=" ">
    <subfield code="a">Pogrund, Rona L.</subfield>
    <subfield code="e">&#x10E0;&#x10D4;&#x10D3;&#x10D0;&#x10E5;&#x10E2;&#x10DD;&#x10E0;&#x10D8;</subfield>
    <subfield code="9">11027</subfield>
  </datafield>
  <datafield tag="700" ind1="1" ind2=" ">
    <subfield code="a">Griffin-Shirley, Nora</subfield>
    <subfield code="d"> </subfield>
    <subfield code="e">&#x10E0;&#x10D4;&#x10D3;&#x10D0;&#x10E5;&#x10E2;&#x10DD;&#x10E0;&#x10D8;</subfield>
    <subfield code="9">11028</subfield>
  </datafield>
  <datafield tag="942" ind1=" " ind2=" ">
    <subfield code="2">udc</subfield>
    <subfield code="c">BK</subfield>
  </datafield>
  <datafield tag="952" ind1=" " ind2=" ">
    <subfield code="0">0</subfield>
    <subfield code="1">0</subfield>
    <subfield code="2">udc</subfield>
    <subfield code="4">0</subfield>
    <subfield code="6">3762_P25</subfield>
    <subfield code="7">0</subfield>
    <subfield code="9">90053</subfield>
    <subfield code="a">CPL</subfield>
    <subfield code="b">CPL</subfield>
    <subfield code="c">GEN</subfield>
    <subfield code="d">2021-04-02</subfield>
    <subfield code="g">277.00</subfield>
    <subfield code="o">376.2 P-25</subfield>
    <subfield code="p">61294</subfield>
    <subfield code="r">2021-04-02</subfield>
    <subfield code="t">61294</subfield>
    <subfield code="w">2021-04-02</subfield>
    <subfield code="y">BK</subfield>
    <subfield code="z">277 &#x10DA;.</subfield>
  </datafield>
</record>
